00000000nam 2200000zi 4500
0019.946757
003CaOODSP
00520250303103444
006m     o  d f      
007cr |n|||||||||
008250110s1949    onca    ob   f000 0 eng d
040 |aCaOODSP|beng|erda|cCaOODSP
043 |an-cn-mb
0861 |aA52-219/1949E-PDF
0861 |zA51-133E-PDF
1001 |aHopper, R. M., |eauthor.
24510|aDominion Reclamation Station, Melita, Manitoba : |bprogress report, 1936-1947 / |cR. M. Hopper and F. S. Gugin.
24616|aProgress report : |bDominion Reclamation Station, Melita, Manitoba, 1935-1947
264 1|aOttawa, Canada : |bMinister of Agriculture, |c[1949]
300 |a1 online resource (31 pages) : |billustrations
336 |atext|btxt|2rdacontent
337 |acomputer|bc|2rdamedia
338 |aonline resource|bcr|2rdacarrier
500 |aDigitized edition from print [provided by Agriculture and Agri-Food Canada].
504 |aIncludes bibliographical references (page 31).
61025|aDominion Reclamation Station (Melita, Man.)
650 0|aAgricultural experiment stations|zManitoba|zMelita.
650 6|aStations agronomiques|zManitoba|zMelita.
7102 |aDominion Reclamation Station (Melita, Man.), |eissuing body.
7101 |aCanada. |bExperimental Farms Service, |eissuing body.
85640|qPDF|s7.62 MB|uhttps://publications.gc.ca/collections/collection_2024/aac-aafc/A51-133-1947-eng.pdf
986 |a7M—12165—11—48